Zakladatel chicagské školy Frank Hyneman Knight

Analýza ekonomickej teórie Franka Hynemana Knighta.

Salvato in:
Dettagli Bibliografici
Autore principale: Loužek, Marek
Natura: Capitolo di libro
Lingua:ceco
Soggetti:
Tags: Aggiungi Tag
Nessun Tag, puoi essere il primo ad aggiungerne!!

MARC

LEADER 00000naa a2200000 4500
001 0254374
005 20190530090552.8
041 0 |a cze 
044 |a SK 
245 1 0 |a Zakladatel chicagské školy Frank Hyneman Knight  |c Marek Loužek 
520 |a Analýza ekonomickej teórie Franka Hynemana Knighta. 
610 2 0 |a teórie ekonomické 
610 2 0 |a mikroekonomika 
610 2 0 |a etika podnikateľská 
610 2 0 |a riziko podnikateľské 
610 2 0 |a dejiny myslenia ekonomického 
610 2 0 |a dejiny teórií ekonomických 
100 1 |a Loužek, Marek